00190nam a22000857a 4500082001500000100001200015245004200027260002700069300000800096 a621.366WIN aWinburn aWhat every engineer should know about aNew YorkbMarcelc1987 a203